| 000 -LEADER |
| fixed length control field |
01227cam a2200253 a 4500 |
| 001 - CONTROL NUMBER |
| control field |
1163037 |
| 005 - DATE AND TIME OF LATEST TRANSACTION |
| control field |
20221107154549.0 |
| 008 - FIXED-LENGTH DATA ELEMENTS--GENERAL INFORMATION |
| fixed length control field |
960612s2010 nyua b 001 0 eng |
| 020 ## - INTERNATIONAL STANDARD BOOK NUMBER |
| International Standard Book Number |
9780891289395 |
| 041 ## - LANGUAGE CODE |
| Language code of text/sound track or separate title |
eng |
| 080 ## - UNIVERSAL DECIMAL CLASSIFICATION NUMBER |
| Universal Decimal Classification number |
376.2 P-82 |
| 100 1# - MAIN ENTRY--PERSONAL NAME |
| Personal name |
Ponchillia, Paul E. |
| 9 (RLIN) |
10928 |
| 245 10 - TITLE STATEMENT |
| Title |
Foundations of rehabilitation teaching with persons who are blind or visually impaired / |
| Statement of responsibility, etc. |
Paul E. Ponchillia and Susan V. Ponchillia. |
| 264 ## - PRODUCTION, PUBLICATION, DISTRIBUTION, MANUFACTURE, AND COPYRIGHT NOTICE |
| Place of production, publication, distribution, manufacture |
New York : |
| Name of producer, publisher, distributor, manufacturer |
AFB Press, |
| Date of production, publication, distribution, manufacture, or copyright notice |
1996. |
| 300 ## - PHYSICAL DESCRIPTION |
| Extent |
415 p. : |
| Other physical details |
ill. ; |
| Dimensions |
26 cm. |
| 650 #0 - SUBJECT ADDED ENTRY--TOPICAL TERM |
| Topical term or geographic name entry element |
Blind |
| General subdivision |
Rehabilitation |
| -- |
Study and teaching. |
| 9 (RLIN) |
10929 |
| 650 #0 - SUBJECT ADDED ENTRY--TOPICAL TERM |
| Topical term or geographic name entry element |
People with visual disabilities |
| General subdivision |
Rehabilitation |
| -- |
Study and teaching. |
| 9 (RLIN) |
10930 |
| 650 #0 - SUBJECT ADDED ENTRY--TOPICAL TERM |
| Topical term or geographic name entry element |
Rehabilitation |
| General subdivision |
Study and teaching. |
| 9 (RLIN) |
10931 |
| 653 ## - INDEX TERM--UNCONTROLLED |
| keyword |
რეაბილიტაციის სწავლების საფუძვლები უსინათლო ან მხედველობადაქვეითებულ პირებთან |
| 653 ## - INDEX TERM--UNCONTROLLED |
| keyword |
მედიცინა |
| 700 1# - ADDED ENTRY--PERSONAL NAME |
| Personal name |
Ponchillia, Susan V. |
| Relator term |
რედაქტორი |
| 9 (RLIN) |
10932 |
| 856 ## - ELECTRONIC LOCATION AND ACCESS |
| Uniform Resource Identifier |
https://books.google.ge/books?id=cdV-9Oic5XEC&source=gbs_ViewAPI&redir_esc=y |
| Link text |
ელ. ვერსია |
| 942 ## - ADDED ENTRY ELEMENTS (KOHA) |
| Source of classification or shelving scheme |
|
| Koha item type |
წიგნი |